000 00482nam a22001817a 4500
005 20260120161628.0
008 260120b |||||||| |||| 00| 0 eng d
037 _cDSWL
040 _aDSWL
_cDSWL
041 _heng
100 _aRanjan, Ravi
_9940455
245 _aPublic policy in India
260 _aDelhi,
_bAcademic Publication,
_c2024
300 _a285p
365 _aINR
_b1595
942 _2CC
_cTEXL
_n0
999 _c1532243
_d1532243